[Event "Wroclaw Anderssen Memorial"]
[Site "Wroclaw"]
[Date "2022.07.30"]
[Round "9"]
[White "Zgadzaj, Rafal"]
[Black "Zubarev, Alexander2222"]
[Result "1/2-1/2"]
[WhiteElo "2071"]
[BlackElo "2372"]
[PlyCount "63"]
[EventDate "2022.07.30"]
[EventType "swiss (rapid)"]
[EventRounds "9"]
[EventCountry "POL"]
[SourceTitle "CBM 209 Extra"]
[Source "ChessBase"]
[SourceDate "2022.09.30"]
[SourceVersion "1"]
[SourceVersionDate "2022.09.30"]
[SourceQuality "1"]

1. c4 e5 2. g3 c6 3. d4 e4 4. Nc3 d5 5. cxd5 cxd5 6. Qb3 Nf6 7. Bg5 Nbd7 8. Nh3 Be7 9. Nf4 0-0 10. Bg2 Nb6 11. 0-0 Be6 12. Nxe6 fxe6 13. Bh3 Qd7 14. Qb5 Kf7 15. Bxf6 Bxf6 16. Qxd7+ Nxd7 17. Nxd5 exd5 18. Bxd7 Rfd8 19. Bg4 Bxd4 20. Rfd1 Be5 21. e3 d4 22. exd4 Rxd4 23. Rxd4 Bxd4 24. Re1 Re8 25. Bf5 e3 26. fxe3 Bxe3+ 27. Kg2 g6 28. Bd3 Re5 29. Bc4+ Ke7 30. Kf3 Bd4 31. Rxe5+ Bxe5 32. Ke4 1/2-1/2

[Event "Krakow op-B 32nd"]
[Site "Krakow"]
[Date "2022.01.02"]
[Round "7"]
[White "Kejna, Piotr"]
[Black "Zgadzaj, Rafal"]
[Result "0-1"]
[WhiteElo "1958"]
[BlackElo "2087"]
[PlyCount "68"]
[EventDate "2021.12.27"]
[EventType "swiss"]
[EventRounds "9"]
[EventCountry "POL"]
[SourceTitle "EXT 2023"]
[Source "ChessBase"]
[SourceDate "2022.10.05"]
[SourceVersion "1"]
[SourceVersionDate "2022.10.05"]
[SourceQuality "1"]

1. e4 d6 2. d4 g6 3. Nc3 Bg7 4. Bg5 c6 5. f4 Qb6 6. e5 h6 7. Bh4 g5 8. Bf2 Qxb2 9. Kd2 gxf4 10. Rb1 Qa3 11. Rb3 Qa5 12. exd6 exd6 13. Qe1+ Ne7 14. Bh4 Be6 15. Bxe7 Kxe7 16. Rxb7+ Nd7 17. Qe4 Rab8 18. Rxb8 Rxb8 19. Nge2 c5 20. h4 Nf6 21. Qd3 c4 22. Qf3 Bd5 23. Qh3 Ne4+ 24. Kc1 Qa3+ 25. Kd1 Nf2+ 26. Kd2 Nxh3 27. Nxd5+ Kf8 28. Rxh3 Qxa2 29. Ndc3 Qa1 30. Rf3 Re8 31. Nb5 a6 32. Na3 Bxd4 33. Nxc4 Be3+ 34. Kd3 d5 0-1

[Event "Krakow op-B 32nd"]
[Site "Krakow"]
[Date "2022.01.02"]
[Round "6"]
[White "Zgadzaj, Rafal"]
[Black "Janus, Przemyslaw"]
[Result "0-1"]
[WhiteElo "2087"]
[BlackElo "2001"]
[PlyCount "84"]
[EventDate "2021.12.27"]
[EventType "swiss"]
[EventRounds "9"]
[EventCountry "POL"]
[SourceTitle "EXT 2023"]
[Source "ChessBase"]
[SourceDate "2022.10.05"]
[SourceVersion "1"]
[SourceVersionDate "2022.10.05"]
[SourceQuality "1"]

1. c4 e5 2. g3 Nc6 3. Bg2 g6 4. Nc3 Bg7 5. Rb1 f5 6. b4 Nf6 7. d3 0-0 8. Nf3 d6 9. b5 Ne7 10. Qb3 h6 11. c5+ Kh7 12. cxd6 cxd6 13. 0-0 Qd7 14. Ba3 Rd8 15. Nd2 Ne8 16. Bb4 Rb8 17. Rfc1 b6 18. Qa3 Bf6 19. Nd5 Nxd5 20. Bxd5 Bb7 21. Bc6 Bxc6 22. bxc6 Qe7 23. Nc4 Rbc8 24. Qa4 Rc7 25. e4 Bg5 26. f4 exf4 27. h4 fxe4 28. Nd2 Bf6 29. Nxe4 Bd4+ 30. Kg2 fxg3 31. Bc3 Bxc3 32. Nxc3 Qe3 33. Ne4 Qe2+ 34. Kxg3 Rf7 35. Kh3 Rf4 36. Qxa7+ Ng7 37. Rg1 g5 38. Nxg5+ hxg5 39. Rxg5 Rf3+ 40. Rg3 Rxg3+ 41. Kxg3 Qxd3+ 42. Kh2 Qxb1 0-1

[Event "EU-ch Blitz"]
[Site "Katowice"]
[Date "2021.12.17"]
[Round "4"]
[White "Zgadzaj, Rafal"]
[Black "Tazbir, Marcin"]
[Result "0-1"]
[WhiteElo "2087"]
[BlackElo "2508"]
[PlyCount "64"]
[EventDate "2021.12.17"]
[EventType "swiss (blitz)"]
[EventRounds "22"]
[EventCountry "POL"]
[SourceTitle "CBM 205 Extra"]
[Source "ChessBase"]
[SourceDate "2022.01.31"]
[SourceVersion "1"]
[SourceVersionDate "2022.01.31"]
[SourceQuality "1"]

1. c4 e5 2. Nc3 Bb4 3. g3 Bxc3 4. bxc3 d6 5. Bg2 f5 6. Nf3 Nf6 7. c5 e4 8. Nd4 dxc5 9. Nb3 Qe7 10. 0-0 0-0 11. Ba3 b6 12. d3 Rd8 13. Qc2 Qe8 14. Rfd1 Bb7 15. Rab1 Nbd7 16. d4 c4 17. Nd2 Bd5 18. e3 c6 19. Bf1 Qe6 20. Qa4 b5 21. Qa5 g5 22. Bc1 f4 23. a4 a6 24. exf4 e3 25. Nf3 exf2+ 26. Kxf2 Ng4+ 27. Kg2 Ne3+ 28. Bxe3 Qxe3 29. Qc7 Bxf3+ 30. Kh3 g4+ 31. Kh4 Qe7+ 32. Kh5 Nf6+ 0-1

[Event "Warsaw op-A"]
[Site "Warsaw"]
[Date "2021.07.24"]
[Round "7"]
[White "Zgadzaj, Rafal"]
[Black "Malicka, Maria"]
[Result "0-1"]
[WhiteElo "2083"]
[BlackElo "2272"]
[PlyCount "86"]
[EventDate "2021.07.19"]
[EventType "swiss"]
[EventRounds "9"]
[EventCountry "POL"]
[SourceTitle "CBM 203 Extra"]
[Source "ChessBase"]
[SourceDate "2021.09.30"]
[SourceVersion "1"]
[SourceVersionDate "2021.09.30"]
[SourceQuality "1"]

1. c4 e5 2. Nc3 Nf6 3. e4 Bc5 4. d3 d6 5. Be3 Nc6 6. h3 Bxe3 7. fxe3 0-0 8. Nf3 Nh5 9. g4 Ng3 10. Rg1 Nxf1 11. Kxf1 Ne7 12. d4 Ng6 13. d5 Nh4 14. Rg3 f5 15. gxf5 Bxf5 16. exf5 Nxf5 17. Qe1 Nxg3+ 18. Qxg3 e4 19. Nxe4 Qe7 20. Ned2 Qxe3 21. Kg2 Rae8 22. Re1 Qd3 23. Qf2 Qg6+ 24. Kh1 Rxe1+ 25. Qxe1 Re8 26. Qf2 Qf5 27. h4 a6 28. a4 b5 29. axb5 axb5 30. b3 h6 31. Kg1 Qg6+ 32. Kh1 Qd3 33. Qd4 Re1+ 34. Kg2 Re2+ 35. Kg3 Rxd2 36. Qg4 Re2 37. Qc8+ Kh7 38. h5 bxc4 39. bxc4 Re5 40. Qh3 Re3 41. Qg4 Qe4 42. Qxe4+ Rxe4 43. Nd2 Rd4 0-1

[Event "Opole Termika Blitz op"]
[Site "Opole"]
[Date "2021.07.18"]
[Round "7"]
[White "Zgadzaj, Rafal"]
[Black "Lach, Aleksandra"]
[Result "0-1"]
[WhiteElo "2083"]
[BlackElo "2183"]
[PlyCount "86"]
[EventDate "2021.07.18"]
[EventType "swiss (blitz)"]
[EventRounds "13"]
[EventCountry "POL"]
[SourceTitle "CBM 203 Extra"]
[Source "ChessBase"]
[SourceDate "2021.09.30"]
[SourceVersion "1"]
[SourceVersionDate "2021.09.30"]
[SourceQuality "1"]

1. c4 e5 2. g3 Nf6 3. Bg2 Nc6 4. Nc3 Bb4 5. Nd5 a5 6. e3 0-0 7. Ne2 Nxd5 8. cxd5 Ne7 9. 0-0 Bd6 10. d4 f5 11. dxe5 Bxe5 12. Qc2 d6 13. Bd2 b6 14. Bc3 Bxc3 15. Qxc3 Ba6 16. Rfe1 Bxe2 17. Rxe2 Rc8 18. Rc1 Ng6 19. f4 Ne7 20. Qd4 Kh8 21. h3 Qd7 22. Rec2 Ng8 23. Kh2 Nf6 24. Rc6 Rfe8 25. Qc3 h6 26. a3 Kh7 27. Qd3 Ne4 28. Bxe4 Rxe4 29. Qc3 Qf7 30. Rd1 Qe8 31. Rd3 Re7 32. Kg2 a4 33. Kf2 b5 34. Rd2 Qh5 35. Kg2 Rce8 36. Rd3 Qe2+ 37. Kg1 Rxe3 38. Rxe3 Rxe3 39. Rxc7 Rxc3 40. Rxc3 Qxb2 41. Rc6 Qxa3 42. Kf2 Qa2+ 43. Ke3 Qxd5 0-1

[Event "Opole Termika Rapid op"]
[Site "Opole"]
[Date "2021.07.17"]
[Round "5"]
[White "Zgadzaj, Rafal"]
[Black "Hnydiuk, Aleksander"]
[Result "0-1"]
[WhiteElo "2083"]
[BlackElo "2407"]
[PlyCount "111"]
[EventDate "2021.07.17"]
[EventType "swiss (rapid)"]
[EventRounds "9"]
[EventCountry "POL"]
[SourceTitle "CBM 203 Extra"]
[Source "ChessBase"]
[SourceDate "2021.09.30"]
[SourceVersion "1"]
[SourceVersionDate "2021.09.30"]
[SourceQuality "1"]

1. c4 Nf6 2. Nf3 g6 3. b3 Bg7 4. Bb2 0-0 5. g3 d6 6. d4 c5 7. Bg2 Bd7 8. 0-0 cxd4 9. Nxd4 Nc6 10. Nc3 Qa5 11. Nd5 Nxd5 12. cxd5 Nxd4 13. Bxd4 Bxd4 14. Qxd4 Rac8 15. e4 Rc2 16. a4 Qc5 17. Qxc5 Rxc5 18. Rfe1 Rfc8 19. Bf1 Rc3 20. Rab1 Kg7 21. h4 e5 22. Kg2 f5 23. exf5 Bxf5 24. Rb2 Bd3 25. Re3 Bxf1+ 26. Kxf1 Rxe3 27. fxe3 Rc3 28. Ke2 e4 29. b4 Kf6 30. b5 Ke5 31. b6 a6 32. a5 Ra3 33. Rc2 Rxa5 34. Rc7 Rb5 35. Rxb7 Kxd5 36. g4 a5 37. Rxh7 Rxb6 38. h5 Rb2+ 39. Kd1 gxh5 40. Rxh5+ Kc4 41. Rxa5 Rg2 42. g5 d5 43. Ra4+ Kc5 44. Ra5+ Kd6 45. Ra6+ Ke5 46. g6 Kf5 47. Rd6 Ke5 48. Ra6 Rg5 49. Kd2 Kf5 50. Rd6 Kg4 51. g7 Rxg7 52. Rxd5 Ra7 53. Kc3 Ra4 54. Rd1 Kf3 55. Rd4 Kg4 56. Rd1 0-1

[Event "Katowice POL-HUN 9th"]
[Site "Katowice"]
[Date "2021.07.03"]
[Round "3"]
[White "Zgadzaj, Rafal"]
[Black "Zwardon, Vojtech"]
[Result "0-1"]
[WhiteElo "2083"]
[BlackElo "2466"]
[PlyCount "58"]
[EventDate "2021.07.03"]
[EventType "swiss (rapid)"]
[EventRounds "9"]
[EventCountry "POL"]
[SourceTitle "CBM 203 Extra"]
[Source "ChessBase"]
[SourceDate "2021.09.30"]
[SourceVersion "1"]
[SourceVersionDate "2021.09.30"]
[SourceQuality "1"]

1. c4 c5 2. Nf3 g6 3. g3 Bg7 4. Nc3 Nc6 5. Bg2 d6 6. 0-0 Bg4 7. h3 Bd7 8. e3 Qc8 9. Kh2 h5 10. d4 h4 11. g4 Nh6 12. Ne2 Bxg4 13. hxg4 Nxg4+ 14. Kg1 h3 15. Bxh3 Rxh3 16. Nf4 Rh8 17. Kg2 Nf6 18. Ng5 cxd4 19. exd4 Nxd4 20. Be3 Qc6+ 21. f3 Nf5 22. Bf2 Ng4 23. Qe2 Bd4 24. Rh1 Rxh1 25. Rxh1 Nxf2 26. Rh7 Nd1 27. Rxf7 Nde3+ 28. Kh3 0-0-0 29. Nxg6 d5 0-1

[Event "POL-ch rapid"]
[Site "Trzcianka"]
[Date "2020.10.18"]
[Round "3"]
[White "Chojnacki, Krzysztof"]
[Black "Zgadzaj, Rafal"]
[Result "1-0"]
[WhiteElo "2386"]
[BlackElo "2083"]
[PlyCount "53"]
[EventDate "2020.10.18"]
[EventType "swiss (rapid)"]
[EventRounds "9"]
[EventCountry "POL"]
[SourceTitle "CBM 198 Extra"]
[Source "ChessBase"]
[SourceDate "2020.11.30"]
[SourceVersion "1"]
[SourceVersionDate "2020.11.30"]
[SourceQuality "1"]

1. d4 g6 2. c4 Bg7 3. Nc3 c5 4. d5 Bxc3+ 5. bxc3 f5 6. e4 fxe4 7. Ne2 Nf6 8. Bg5 d6 9. Ng3 Qa5 10. Qb3 Nbd7 11. Be2 h6 12. Bf4 g5 13. Bd2 Ne5 14. h4 g4 15. h5 Rb8 16. Kf1 Bd7 17. Re1 Qa6 18. Bf4 Nf7 19. Kg1 Ba4 20. Qb1 Qa5 21. Nxe4 Nd7 22. Bxg4 Nde5 23. Bxe5 Nxe5 24. Nxd6+ exd6 25. Qg6+ Kd8 26. Qxd6+ Nd7 27. Bxd7 1-0